000 01781nam a2200301Ia 4500
999 _c49624
_d49624
001 16556
003 GE_BSU
005 20250127122510.0
008 181216s2012||||ge |||||||||||||| ||geo||
020 _a978-9941-196782
040 _cGE_BSU
041 _aდ-77
080 _a821.161.1-31
100 _aდოსტოევსკი, ფ. (ფიოდორ, 1821-1881)
_924130
245 _aძმები კარამაზოვები : რომანი 4 ნაწილად ეპილოგით. ტ.1 /
_bფიოდორ დოსტოევსკი ; მზია გელაშვილისა და ანა აბულაშვილის თარგმანი ; რედაქტორი ელენე სალარიძე ; ყდის დიზაინი ეთერ გზირიშვილი.
264 _aთბილისი :
_bპალიტრა L,
_c2012.
300 _a432 გვ. ;
_c21 სმ.
490 _aწიგნი, რომელიც უნდა წაიკითხო, სანამ ცოცხალი ხარ, 1987-9628
_vწ. 25
500 _aშენიშვნები : გვ. 428–429
541 _h12ლ.50თ.
653 _aრომანი
653 _aძმები კარამაზოვები
700 _aგელაშვილი, მ. (მზია)
_eმთარგმნელი
_924131
700 _aაბულაშვილი, ა. (ანა)
_eმთარგმნელი
_924132
700 _aსალარიძე, ე. (ელენე)
_eრედაქტორი
_922205
700 _aგზირიშვილი, ე. (ეთერ)
_eყდის დიზაინერი
_922206
942 _cBK
_2udc